Μαθαίνετε εύκολα C

Αποθηκεύτηκε σε:
Λεπτομέρειες βιβλιογραφικής εγγραφής
Κύριος συγγραφέας: Καρολίδης, Δημήτριος Α.
Μορφή: Βιβλίο
Γλώσσα:Greek
Δημοσίευση: Αθήνα : Άβακας, c2021.
Θέματα:
Ετικέτες: Προσθήκη ετικέτας
Δεν υπάρχουν, Καταχωρήστε ετικέτα πρώτοι!

MARC

LEADER 00000nam a2200000 a 4500
001 1/127061
008 230718t2021####gr | ||| |||| ||gre||
020 |a 9789606789298 
040 |a GR-MyUa  |b gre  |c GR-MyUa  |e AACR2 
041 0 |a gre 
082 7 |a 005.133   |2 (23) 
100 1 |a Καρολίδης, Δημήτριος Α. 
245 1 0 |a Μαθαίνετε εύκολα C /   |c Δημήτρης Α. Καρολίδης.  
260 |a Αθήνα :   |b Άβακας,   |c c2021.  
300 |a [510] σ. :   |b εικ. ;   |c 24 εκ.  
504 |a Περιέχει βιβλιογραφικές αναφορές.  
650 0 |a C (Computer program language) 
852 |a INST  |b SAMOS  |e 20230717  |h 005.133 ΚΑΡ  |p 005300047873  |q 005300047873  |t BK  |y 0 
970 |a Φιλιππή  |b Φάλη  |z 18-07-2023